[Event "Challenge"]
[Site "http://www.queenalice.com/game.php?id=325634"]
[Date "2007.12.25"]
[Round "-"]
[White "ROLAND"]
[Black "SalsaQueen"]
[Result "0-1"]
[WhiteElo "1488"]
[BlackElo "1681"]

1. e4 e5 2. Nf3 Nc6 3. Nc3 d6 4. d3 h6 5. b3 Nf6 6. Qe2 Bg4 7. h3 Bxf3 8. Qxf3
Nd4 9. Qd1 a6 10. g3 c6 11. Qd2 Nf3+ 12. Ke2 Nxd2 13. Bxd2 d5 14. f3 Qb6 15. Be3
d4 16. Bd2 dxc3 17. Bxc3 Nd7 18. h4 Bc5 19. h5 Bf2 20. Kd1 Qe3 21. Be2 Bxg3 22.
Bd2 Qd4 23. c3 Qd6 24. Rg1 Bf4 25. Rxg7 Qf6 26. Rg4 O-O-O 27. Be1 Rhg8 28. Bh4
Qd6 29. Kc2 Rxg4 30. fxg4 Rg8 31. Kb2 Nc5 32. Kc2 Nxe4 33. dxe4 Qd2+ 34. Kb1
Qc1# 0-1

[Event "Challenge"]
[Site "http://www.queenalice.com/game.php?id=336121"]
[Date "2008.1.14"]
[Round "-"]
[White "LancFred"]
[Black "ROLAND"]
[Result "1-0"]
[WhiteElo "1284"]
[BlackElo "1480"]

1. e4 Nf6 2. Nc3 e5 3. Nf3 Nc6 4. Bc4 d6 5. Ng5 Qe7 6. Nxf7 Rg8 7. Ng5 Na5 8.
Bxg8 Bg4 9. f3 Bh5 10. Nd5 Nxd5 11. Nxh7 Qh4+ 12. Kf1 Ne7 13. d4 Nxg8 14. Bg5
Bxf3 15. Bxh4 Bxd1 16. Rxd1 Nc4 17. Rd3 Nxb2 18. Rb3 Be7 19. Bxe7 Nxe7 20. Rxb2
b6 21. Kf2 exd4 22. Rd1 c5 23. Kg3 Kd7 24. Rf1 Kc7 25. Rf7 Kd7 26. Rxg7 Rh8 27.
Rb1 Ke6 28. Rf1 a5 29. Rff7 Rg8 30. Rxe7# 1-0

[Event "Challenge"]
[Site "http://www.queenalice.com/game.php?id=345948"]
[Date "2008.1.31"]
[Round "-"]
[White "ROLAND"]
[Black "SalsaQueen"]
[Result "1-0"]
[WhiteElo "1456"]
[BlackElo "1690"]

1. e4 e5 2. Nf3 Nc6 3. d3 d6 4. Bg5 f6 5. Be3 Bg4 6. Nc3 Nge7 7. h3 Bxf3 8. Qxf3
Nb4 9. Qh5+ g6 10. Qe2 a6 11. a3 Nbc6 12. g4 Qd7 13. Qf3 f5 14. Rb1 f4 15. Bd2
Nd4 16. Qd1 Nec6 17. Nd5 Bg7 18. c3 Nb5 19. a4 Nba7 20. Qb3 Na5 21. Qb4 c6 22.
Nb6 c5 23. Qxa5 Qc7 24. c4 Rb8 25. Nd5 Qc6 26. b3 Nc8 27. Qc7 Qxc7 28. Nxc7+ Kd7
29. Nd5 g5 30. h4 gxh4 31. Rxh4 h6 32. Ba5 b6 33. Bd2 Ne7 34. Nc3 Ng6 35. Rh5
Rbg8 36. Nd5 Kc6 37. b4 cxb4 38. Rxb4 Rb8 39. a5 bxa5 40. Ra4 f3 41. Ra1 a4 42.
Ba5 Rb2 43. Rh3 a3 44. Bc3 Rb3 45. Rxf3 Rhb8 46. Rf7 R8b7 47. Rxb7 Rxb7 48. Bb4
Nf4 49. Rxa3 Nxd5 50. cxd5+ Kb6 51. Bxd6 Ra7 52. Rb3+ Ka5 53. Rb1 Ka4 54. Be2
Rf7 55. Bd1+ Ka5 56. f3 Rd7 57. Bc5 Bf6 58. Ke2 Be7 59. Bb6# 1-0

[Event "Challenge"]
[Site "http://www.queenalice.com/game.php?id=359859"]
[Date "2008.2.24"]
[Round "-"]
[White "SalsaQueen"]
[Black "ROLAND"]
[Result "1/2-1/2"]
[WhiteElo "1739"]
[BlackElo "1497"]

1. d4 Nf6 2. Bg5 Ne4 3. Bf4 d5 4. f3 Nf6 5. h3 Nh5 6. Bh2 e6 7. g4 Nf6 8. a3 c6
9. Bxb8 Rxb8 10. e3 b6 11. Qd3 Qd6 12. Ne2 b5 13. Bg2 b4 14. a4 h6 15. Ng3 Qxg3+
16. Kf1 h5 17. Nd2 a5 18. Qe2 Ra8 19. Kg1 Ba6 20. Qf2 Bd6 21. Nf1 Qxf2+ 22. Kxf2
h4 23. f4 Rb8 24. g5 Ne4+ 25. Kg1 Bxf1 26. Kxf1 Ng3+ 27. Kg1 Nxh1 28. Kxh1 b3
29. c3 g6 30. Rf1 Rf8 31. Bf3 f5 32. Be2 Ra8 33. Kg2 c5 34. Rc1 Kd8 35. Kf2 c4
36. Bf1 Ra7 37. Be2 1/2-1/2

[Event "Challenge"]
[Site "http://www.queenalice.com/game.php?id=367520"]
[Date "2008.3.8"]
[Round "-"]
[White "ROLAND"]
[Black "DARKQUEEN"]
[Result "1-0"]
[WhiteElo "1490"]
[BlackElo "1509"]

1. d4 d5 2. Nf3 Nf6 3. e3 Bg4 4. Bb5+ c6 5. Be2 e6 6. Ne5 Bxe2 7. Qxe2 Bd6 8.
Ng4 Nbd7 9. f3 O-O 10. f4 c5 11. c3 1-0

[Event "Challenge"]
[Site "http://www.queenalice.com/game.php?id=379741"]
[Date "2008.3.31"]
[Round "-"]
[White "ROLAND"]
[Black "sanabas"]
[Result "0-1"]
[WhiteElo "1513"]
[BlackElo "1559"]

1. e4 e5 2. Nf3 Nc6 3. c3 Nf6 4. Bd3 Bc5 5. Ng5 Ng4 6. Qxg4 d5 7. Qh5 g6 8. Qh6
Qf6 9. Nxh7 Qxf2+ 10. Kd1 Bg4+ 11. Kc2 O-O-O 12. h3 Be2 13. b4 Bxd3+ 14. Kxd3
dxe4+ 15. Kc2 Be3 16. Qxe3 Qxe3 17. dxe3 Rxh7 18. Rf1 f5 19. Na3 a5 20. Rb1 Rd3
21. Nb5 axb4 22. cxb4 Rf7 23. g4 f4 24. exf4 Rxh3 25. Nc3 e3 26. b5 Nd4+ 27. Kd1
exf4 28. b6 g5 29. Nd5 e2+ 30. Ke1 c6 31. Nb4 Re7 32. Rg1 Nf3+ 33. Kf2 Nxg1 34.
Nd3 Rxd3 35. Kxg1 e1=Q+ 36. Kg2 Re2# 0-1

[Event "Challenge"]
[Site "http://www.queenalice.com/game.php?id=379746"]
[Date "2008.3.31"]
[Round "-"]
[White "gilsinho22"]
[Black "ROLAND"]
[Result "1-0"]
[WhiteElo "1534"]
[BlackElo "1499"]

1. e4 Nc6 2. Nc3 e5 3. Nf3 d6 4. Nd5 g6 5. b4 Qd7 6. d3 f5 7. Bg5 h6 8. Nf6+
Nxf6 9. Bxf6 Rh7 10. d4 Nxb4 11. dxe5 Qa4 12. Bd3 Qa5 13. O-O Nc6 14. exf5 Bxf5
15. Re1 d5 16. Rb1 Bb4 17. Re2 Kf8 18. e6 Qxa2 19. Nh4 Ke8 20. Nxg6 Bxd3 21.
cxd3 Qa3 22. Ra1 1-0

[Event "Challenge"]
[Site "http://www.queenalice.com/game.php?id=379747"]
[Date "2008.3.31"]
[Round "-"]
[White "jumping"]
[Black "ROLAND"]
[Result "1-0"]
[WhiteElo "1560"]
[BlackElo "1507"]

1. e4 Nf6 2. e5 Ng4 3. Qxg4 d6 4. Qg3 Nc6 5. Bb5 a6 6. Bxc6+ bxc6 7. Nf3 g6 8.
d4 Bf5 9. Na3 Qb8 10. Rb1 Qb4+ 11. Bd2 Qa4 12. O-O Be6 13. c4 Bf5 14. Rbc1 Rb8
15. d5 Rxb2 16. exd6 Qxa3 17. Bc3 Bg7 18. Bxg7 Rg8 19. Bxb2 Qxb2 20. dxc6 cxd6
21. Rfe1 a5 22. Qxd6 Qf6 23. Qb8+ Bc8 24. Qxc8# 1-0

[Event "Challenge"]
[Site "http://www.queenalice.com/game.php?id=380612"]
[Date "2008.4.1"]
[Round "-"]
[White "DARKQUEEN"]
[Black "ROLAND"]
[Result "0-1"]
[WhiteElo "1437"]
[BlackElo "1499"]

1. e4 e5 2. Nc3 Nc6 3. Bb5 Nd4 4. Nf3 c6 5. Bd3 Nf6 6. O-O d6 7. Re1 Bg4 8. h3
Nxf3+ 9. gxf3 Bxh3 10. b3 Nh5 11. f4 Nxf4 12. Qf3 Qg5+ 13. Qg3 Qxg3+ 14. fxg3
Nh5 15. Be2 Nf6 16. a4 g6 17. Kh2 Be6 18. d3 Ng4+ 19. Kg2 h5 20. Bb2 Ne3+ 21.
Kf2 Nxc2 22. d4 exd4 23. Na2 Bg7 24. Rac1 Bxb3 25. Rh1 Bxa4 26. Bd3 Ne3 27. Bxd4
Bxd4 28. Ke2 g5 29. Nb4 a5 30. Na2 h4 31. g4 Bb3 32. Nc3 Nxg4 33. Kd2 Nf2 34.
Rhf1 a4 35. Rfe1 h3 36. Ne2 Be5 37. Rf1 Nxd3 38. Kxd3 h2 39. Rh1 a3 40. Rb1 a2
41. Rxb3 a1=Q 42. Rc1 h1=Q 43. Rxa1 Qxa1 44. Rxb7 Qa6+ 0-1

[Event "Challenge"]
[Site "http://www.queenalice.com/game.php?id=382583"]
[Date "2008.4.5"]
[Round "-"]
[White "dtrainey"]
[Black "ROLAND"]
[Result "1-0"]
[WhiteElo "1462"]
[BlackElo "1493"]

1. f4 Nc6 2. e4 Nf6 3. e5 Nd5 4. d4 e6 5. Nc3 f5 6. Nxd5 exd5 7. a3 b6 8. g4
Qh4+ 9. Kd2 Nxd4 10. Qe1 Nf3+ 11. Nxf3 Qxg4 12. Qg3 Qh5 13. Be2 Be7 14. Nd4 Qg6
15. Qxg6+ hxg6 16. Nb5 Bd8 17. Kc3 a6 18. Nd4 Rh3+ 19. Bf3 Bb7 20. Bd2 c6 21.
Rag1 Kf7 22. Rg3 Rh4 23. b4 a5 24. b5 Rc8 25. Be1 c5 26. Ne2 Be7 27. Rg2 c4 28.
Bxh4 Bxh4 29. Nd4 Rc5 30. a4 Be7 31. h4 d6 32. h5 dxe5 33. fxe5 g5 34. h6 Rc8
35. h7 Rh8 36. e6+ Kf8 37. Bh5 Rxh7 38. Re2 Rh8 39. Re5 Bb4+ 40. Kb2 Rh6 41. c3
Bd6 42. Rxf5+ Rf6 43. Rxf6+ gxf6 44. Rf1 Be7 45. Nf5 Bd8 46. Re1 Bc8 47. e7+
Bxe7 48. Nxe7 Bb7 49. Nf5 Bc8 50. Ne3 f5 51. Nxd5 g4 52. Re8+ Kg7 53. Rxc8 Kh6
54. Rh8+ Kg5 55. Nxb6 f4 56. Nxc4 f3 57. b6 f2 58. Ne3 g3 59. Bf3 Kf4 60. Nf1
Kxf3 61. b7 g2 62. Rf8+ Ke2 63. Ng3+ Ke1 64. Re8+ Kd2 65. Ne4+ Ke1 66. Nxf2+
Kxf2 67. Rg8 g1=Q 68. Rxg1 Kxg1 69. b8=Q Kf2 70. Kc2 Ke3 71. Qb5 Ke4 72. Kd2 Kf3
73. Qxa5 Ke4 74. Qc5 Kf3 75. Qd4 Kg2 76. Ke2 1-0

[Event "Challenge"]
[Site "http://www.queenalice.com/game.php?id=392560"]
[Date "2008.4.24"]
[Round "-"]
[White "ROLAND"]
[Black "anakarine"]
[Result "0-1"]
[WhiteElo "1487"]
[BlackElo "1499"]

1. e4 e5 2. Nc3 Bb4 3. a3 Bxc3 4. bxc3 d6 5. Qh5 Nf6 6. Qh4 h6 7. f3 a6 8. Qg3
O-O 9. Qh4 Nc6 10. g4 Nh7 11. Qh5 Nf6 12. Qh4 Ne7 13. g5 Ng6 14. Qg3 Nh5 15. Qg2
Ngf4 16. Qf2 Qxg5 17. h4 Qf6 18. Rb1 Qg6 19. Qe3 Ng2+ 20. Kf2 Nxe3 21. dxe3 b5
22. c4 Ng3 23. Rh2 Nxf1 24. Kxf1 bxc4 25. h5 Qg3 26. Rg2 Qh4 27. Rb4 Be6 28. Bb2
Qxh5 0-1

[Event "Challenge"]
[Site "http://www.queenalice.com/game.php?id=392561"]
[Date "2008.4.24"]
[Round "-"]
[White "anakarine"]
[Black "ROLAND"]
[Result "1-0"]
[WhiteElo "1557"]
[BlackElo "1471"]

1. d4 Nf6 2. e3 d5 3. Nc3 c6 4. Bd3 h5 5. h3 g6 6. Bd2 a6 7. Nf3 Qb6 8. b3 Nbd7
9. Ng5 Bh6 10. Nf3 e6 11. O-O g5 12. Ne5 g4 13. hxg4 Bg5 14. Nf3 Bh6 15. g5 Qc7
16. gxh6 Ng4 17. e4 Rxh6 18. Bxh6 Nxh6 19. e5 Qa5 20. Na4 b5 21. Nb2 Qc3 22. Rb1
Qa5 23. a4 bxa4 24. Nxa4 Ng4 25. Ng5 Qd8 26. Qd2 Rb8 27. Nh7 Qe7 28. Ng5 Rb4 29.
Nf3 Qf8 30. c3 Rb7 31. Bxa6 Rb8 32. Bd3 Qh8 33. Qg5 Nf8 34. Nc5 Nh7 35. Qxh5 1-0

[Event "Challenge"]
[Site "http://www.queenalice.com/game.php?id=393010"]
[Date "2008.4.25"]
[Round "-"]
[White "pierjean"]
[Black "ROLAND"]
[Result "1-0"]
[WhiteElo "1460"]
[BlackElo "1484"]

1. e4 Nf6 2. Nc3 d5 3. Bb5+ c6 4. Ba4 Nxe4 5. Nge2 e6 6. a3 Qf6 7. O-O Na6 8.
Na2 Nd6 9. d3 h5 10. g3 Nf5 11. c3 Bc5 12. h4 b5 13. Bc2 Qg6 14. d4 Bd6 15. Bf4
Bc7 16. Re1 Nxh4 17. Bxg6 Nxg6 18. Qd2 f5 19. Nac1 h4 20. gxh4 Rxh4 21. Bxc7
Nxc7 22. Nd3 Rg4+ 23. Ng3 f4 24. Qe2 Rh4 25. Nf5 Kf8 26. Nxh4 Nxh4 27. Qh5 Nf5
28. Kg2 Ne8 29. Ne5 Nf6 30. Qf7# 1-0

[Event "Challenge"]
[Site "http://www.queenalice.com/game.php?id=396696"]
[Date "2008.5.2"]
[Round "-"]
[White "SalsaQueen"]
[Black "ROLAND"]
[Result "0-1"]
[WhiteElo "1875"]
[BlackElo "1467"]

1. d4 d5 2. Nc3 e6 3. a3 Nc6 4. Nf3 h6 5. e3 Nf6 6. h3 a6 7. Bd3 g5 8. h4 g4 9.
Ne5 Qd6 10. b4 Nxe5 11. dxe5 Qxe5 12. Bb2 Rg8 13. Rb1 h5 14. Ne2 d4 15. Bxd4 Qd6
16. Bxf6 Qc6 17. Rg1 Qd6 18. Bh7 Bg7 19. Bxg8 Bxf6 20. Bh7 Qh2 21. Kd2 Qxh4 22.
Ng3 Be5 23. Rh1 Qf6 24. Ne4 Qh6 25. f4 Qxh7 26. Nc5 Bd6 27. Nd3 f5 28. Qe2 a5
29. Ra1 b6 30. Rad1 Bd7 31. Ne5 Bc8 32. Rh2 axb4 33. a4 Rxa4 34. Qb5+ Bd7 35.
Nc6 Ra5 36. Qc4 Rc5 37. Qa6 Rxc6 38. Qa8+ Ke7 39. Rdh1 Be8 40. Ra1 g3 41. Rh4
Qg7 42. Qa2 Qf6 43. Rh3 Qc3+ 44. Ke2 Qg7 45. Rhh1 Qg4+ 46. Kf1 Rc3 47. Re1 Bb5+
48. Kg1 h4 49. Rh3 Bc5 50. Qb1 Rxe3 51. Rxe3 Bxe3+ 52. Kh1 Bc6 53. Qxb4+ Bc5 54.
Qe1 Qxh3# 0-1

[Event "Challenge"]
[Site "http://www.queenalice.com/game.php?id=405192"]
[Date "2008.5.19"]
[Round "-"]
[White "andrefriburgo"]
[Black "ROLAND"]
[Result "0-1"]
[WhiteElo "1343"]
[BlackElo "1476"]

1. e4 Nf6 2. Nc3 Nc6 3. Nf3 e5 4. Bc4 Na5 5. Bb5 c6 6. Bd3 Nh5 7. Nxe5 Qg5 8.
Ng4 Nf4 9. Ne3 Nxg2+ 10. Nxg2 Qxg2 11. Rf1 Qxh2 12. b4 Bxb4 13. Qf3 Bc5 14. Na4
Bd4 15. Rb1 b5 16. c3 Be5 17. Rh1 Qf4 18. Qh5 g6 19. Qe2 d6 20. Nb2 Bg4 0-1

[Event "Challenge"]
[Site "http://www.queenalice.com/game.php?id=431818"]
[Date "2008.7.12"]
[Round "-"]
[White "ROLAND"]
[Black "RicardoFialho"]
[Result "0-1"]
[WhiteElo "1497"]
[BlackElo "1788"]

1. Nf3 Nc6 2. d4 d5 3. e3 Nf6 4. Ng5 h6 5. Nf3 Bf5 6. Bb5 a6 7. Ba4 e6 8. Nh4
Bh7 9. c3 Bd6 10. Qb3 b5 11. Bxb5 axb5 0-1

[Event "Challenge"]
[Site "http://www.queenalice.com/game.php?id=431823"]
[Date "2008.7.12"]
[Round "-"]
[White "andresalles"]
[Black "ROLAND"]
[Result "1-0"]
[WhiteElo "1783"]
[BlackElo "1498"]

1. e4 Nf6 2. e5 Ng8 3. d4 d5 4. Nf3 e6 5. Nc3 f5 6. Bg5 Qd7 7. Nh4 Qc6 8. Bb5
Qd7 9. Bxd7+ Nxd7 10. Qh5+ g6 11. Nxg6 h6 12. Nxh8# 1-0

[Event "Challenge"]
[Site "http://www.queenalice.com/game.php?id=645004"]
[Date "2009.8.31"]
[Round "-"]
[White "ROLAND"]
[Black "AuntieRenie"]
[Result "1-0"]
[WhiteElo "1441"]
[BlackElo "1554"]

1. d4 d5 2. Nf3 Nf6 3. e3 Nbd7 4. Ng5 e6 5. g3 h6 6. Nf3 c5 7. c3 Be7 8. Qa4 O-O
9. Na3 a6 10. b4 Nb6 11. Qc2 cxd4 12. Nxd4 Nbd7 13. Rg1 Ne4 14. Qa4 Nxc3 15. Qb3
Ne4 16. Bd3 Ne5 17. Bc2 Ng4 18. Rg2 Bf6 19. Bb2 a5 20. f3 Bxd4 21. exd4 Nxh2 22.
fxe4 Ng4 23. Bd1 a4 24. Qf3 e5 25. Rc2 dxe4 26. Qxe4 Qg5 27. Bc1 Qg6 28. Qxg6
fxg6 29. Nb5 Bf5 30. Rc4 Bd3 31. Rc5 b6 32. Rd5 Be4 33. Rd6 exd4 34. Bxg4 Rae8
35. Bf4 Bf3+ 36. Be6+ Kh8 37. Nxd4 Bb7 38. Rc1 g5 39. Be5 h5 40. Rd7 Bc8 41.
Bxg7+ Kh7 42. Rxc8 Rxc8 43. Bxf8+ Kg6 44. Rg7+ Kf6 45. Bxc8 Ke5 46. Nf3+ Ke4 47.
Nxg5+ Ke3 48. Rf7 b5 49. Rf4 a3 50. Bf5 h4 51. Bc5# 1-0

[Event "Challenge"]
[Site "http://www.queenalice.com/game.php?id=693617"]
[Date "2009.12.6"]
[Round "-"]
[White "ROLAND"]
[Black "therota2"]
[Result "0-1"]
[WhiteElo "1458"]
[BlackElo "1437"]

1. e4 c5 2. c4 Nf6 3. Nc3 Qb6 4. Nf3 e6 5. d3 Bd6 6. e5 Ng4 7. exd6 Qxd6 8. Ne4
Qa6 9. Qd2 Nc6 10. Qc3 e5 11. Nxc5 Qb6 12. Ne4 f5 13. Nd6+ Kf8 14. Nxf5 Qxf2+
15. Kd1 b6 16. Be3 Nxe3+ 17. Nxe3 Qxe3 18. a3 d6 19. Qd2 Qc5 20. Rb1 h5 21. b4
Nxb4 0-1

[Event "Challenge"]
[Site "http://www.queenalice.com/game.php?id=713895"]
[Date "2010.1.14"]
[Round "-"]
[White "ROLAND"]
[Black "joserie"]
[Result "0-1"]
[WhiteElo "1462"]
[BlackElo "2360"]

1. e4 c5 2. Nc3 Nc6 3. Na4 d6 4. Nf3 Nf6 5. Bd3 g6 6. Nc3 Bg7 7. Bc4 O-O 8. Ng5
h6 9. Nf3 Bg4 10. h3 Bxf3 11. gxf3 Nh5 12. Bd5 e6 13. Bb3 Nf4 14. Kf1 Qg5 15.
Rh2 Nd4 0-1

[Event "Challenge"]
[Site "http://www.queenalice.com/game.php?id=715358"]
[Date "2010.1.17"]
[Round "-"]
[White "ROLAND"]
[Black "joserie"]
[Result "0-1"]
[WhiteElo "1460"]
[BlackElo "2361"]

1. d4 Nf6 2. Nf3 d5 3. Nc3 e6 4. e3 Be7 5. Ne5 O-O 6. h3 c5 7. b3 Nc6 8. a4 cxd4
9. exd4 Bb4 10. Bb2 Nxe5 11. dxe5 Ne4 12. Qd4 Qa5 0-1